01466cam a22003854i 4500003000900000005001700009008004100026035001900067040003300086082002100119100003200140245006100172264006200233300005900295336002100354337002500375338002300400504002800423505042200451526000900873526000900882526000900891526000900900526000900909526000900918526000800927526000800935526000800943526000800951526000800959526000800967650002100975650003200996650005201028PE-LiUPU20250731184543.0150623s r 000 0 d a(Sirsi) a27477 aPE-LiUPUbspacPE-LiUPUerda04a985.522bV392211 aVega Garrido, Luis,eautor.10aMarañón patrimonio histórico /cLuis Vega Garrido. 1a[Lima?] :bEds. Vega-Dávila,c2002 (Lima : San Marcos). a318 páginas :bilustraciones, fotos, mapas ;c20 cm. atext2rdacontent aunmediated2rdamedia avolume2rdacarrier aIncluye bibliografía.0 aPresentación. Mapa de ubicación. Río marañón, nuevo destino. Los yarowilka. Lauricocha. Yarowilka. Dos de mayo. Huamalíes. Cajatambo. Oyón. Bolognesi. Chavín. Huari. Fitzcarrald. Luzuriaga. Pomabamba. Sihuas. Pallasca. Pataz. Santiago de chuco. Sánchez carrión. Bolivar. Cajabamba. Celendín. Chota. Cutervo. Jaén. Chachapoyas. Luya. Utcubamba. Bagua. Condorcanqui. Viajando por el marañón. aP136 aP135 aP134 aP133 aP144 aP143 aP87 aP35 aP20 aP14 aP10 aP0604aTurismozPerú.04aMarañón, ríozPerú.04aAmazonía PeruanaxVida y costumbres sociales.